PYMES. Supertips

Bibliographic Details
Main Author: Lechuga Santillǹ, Efran̕
Format: eBook
Language:Spanish
Published: Mx̌ico, D.F.: Ediciones Fiscales ISEF, 2008
Subjects:
Online Access:Acceso restringido

MARC

LEADER 00000nam a22000007a 4500
005 20130424184228.0
007 cr|||| ||||
008 130424t2008 mx |||||s|||| 00||0 spa d
020 |a 978-970-811-215-4 
035 |a 11012 
040 |a vLex 
090 |c 4161  |d 4161 
100 1 |a Lechuga Santillǹ, Efran̕ 
245 1 0 |a PYMES. Supertips  |h [Recurso electrn̤ico] /  |c Efran̕ Lechuga Santillǹ 
256 |a 1 recurso electrn̤ico 
260 3 |a Mx̌ico, D.F.:  |b Ediciones Fiscales ISEF,  |c 2008 
300 |a 1 recurso electrn̤ico 
506 1 |a Contenido solo disponible en los productos indicados  |d vLex Global  |d vLex Global (Academic Edition, excluding Law Schools)  |d vLex Global (U.S. Academic Edition, Law Schools)  |d vLex Global (U.S. Academic Edition, excluding Law Schools)  |d vLex Global (Academic Edition, Law Schools) 
650 0 4 |a Empresas pequeąs y medianas  |z Mx̌ico 
650 0 4 |a Derecho Mercantil  |z Mx̌ico 
740 0 |a vLex Libros (Servicio en ln̕ea) 
856 4 0 |u http://vlex.com/source/pymes-supertips-11012  |z Acceso restringido 
942 |c BOOK 
999 0 |a Small business